[Event "XXXV C.to Italiano femminile"]
[Site "Bratto - Castione della Presolana ITA"]
[Date "2008.08.26"]
[Round "5"]
[White "Tonel, Giulia"]
[Black "Reginato, Sabrina"]
[Result "1-0"]
[WhiteElo "1983"]
[BlackElo "1808"]
[PlyCount "101"]
[EventDate "2008.08.22"]

1. e4 c5 2. Nf3 d6 3. d4 Nf6 4. Nc3 cxd4 5. Qxd4 a6 6. Bg5 e6 7. Qa4+ Nc6 8.
Bb5 Bd7 9. Bxc6 Bxc6 10. Qd4 Be7 11. O-O-O b5 12. Rhe1 Qc7 13. Bxf6 gxf6 14.
Nh4 a5 15. f4 b4 16. Nd5 Bxd5 17. exd5 e5 18. Qd3 Qc5 19. Nf5 a4 20. Kb1 Bd8
21. Nd4 Qxd5 22. Nb5 Qxd3 23. Rxd3 O-O 24. Nxd6 Bc7 25. fxe5 fxe5 26. Rxe5 f6
27. Re6 Ra5 28. a3 bxa3 29. Rxa3 Rb8 30. Rxf6 Bxd6 31. Rxd6 Rab5 32. Rxa4 Rxb2+
33. Kc1 Rb1+ 34. Kd2 Rf1 35. Re4 Rc8 36. Re2 Rf5 37. c3 Ra5 38. Kd3 Rh5 39. h3
Rg5 40. c4 Ra8 41. Rd7 h6 42. Kd4 Kf8 43. Rd5 Rg6 44. g4 Ra3 45. Re3 Raa6 46.
Rf5+ Kg7 47. Rc3 Rac6 48. c5 Rge6 49. Kc4 Kg6 50. Rd3 Kg7 51. Rfd5 1-0

[Event "XXXV C.to Italiano femminile"]
[Site "Bratto - Castione della Presolana ITA"]
[Date "2008.08.26"]
[Round "5"]
[White "Zanaboni, Alessandra"]
[Black "Polin, Giulia"]
[Result "0-1"]
[WhiteElo "1581"]
[BlackElo "1551"]
[PlyCount "64"]
[EventDate "2008.08.22"]

1. e4 c5 2. c3 Nf6 3. e5 Nd5 4. d4 cxd4 5. cxd4 d6 6. Nf3 Bf5 7. Qb3 Nb6 8. Ng5
e6 9. Bb5+ Nc6 10. Qf3 d5 11. g4 Bg6 12. h4 Bb4+ 13. Bd2 Bxd2+ 14. Nxd2 h6 15.
Nh3 Qe7 16. Qc3 Rc8 17. Nf4 Bh7 18. Nb3 a6 19. Bxc6+ Rxc6 20. Qa5 Nc4 21. Qc3
Nxe5 22. Qe3 Qb4+ 23. Kf1 Qb5+ 24. Kg1 Nd7 25. Kh2 Qb6 26. Nh5 O-O 27. g5 Qc7+
28. f4 Rc2+ 29. Kg1 Be4 30. Rh2 Rxh2 31. Nf6+ Nxf6 32. gxf6 Rg2+ 0-1

[Event "XXXV C.to Italiano femminile"]
[Site "Bratto - Castione della Presolana ITA"]
[Date "2008.08.27"]
[Round "6"]
[White "Brunello, Roberta"]
[Black "Reginato, Sabrina"]
[Result "1-0"]
[WhiteElo "1939"]
[BlackElo "1808"]
[PlyCount "78"]
[EventDate "2008.08.22"]

1. e4 c5 2. c3 d5 3. exd5 Qxd5 4. d4 Nc6 5. Nf3 Bg4 6. Be2 e6 7. O-O Nf6 8. Bf4
Be7 9. Re1 O-O 10. h3 Bh5 11. Be3 cxd4 12. cxd4 Rac8 13. Nc3 Qd6 14. Rc1 Rfd8
15. Qb3 Rd7 16. Qb5 Qb4 17. Ne5 Bxe2 18. Rxe2 Qxb5 19. Nxb5 a6 20. Nxd7 Nxd7
21. Na3 Nb6 22. Nc4 Nd5 23. Na5 Ndb4 24. Nxb7 Rb8 25. Nc5 a5 26. Na6 Nxd4 27.
Bxd4 Nxa6 28. Rec2 f6 29. Rc8+ Rxc8 30. Rxc8+ Kf7 31. Ra8 e5 32. Rxa6 exd4 33.
Rxa5 Ke6 34. Kf1 d3 35. Ra7 h5 36. Ke1 Bb4+ 37. Kd1 g5 38. Ra4 Bc5 39. f3 Be3
1-0

[Event "XXXV C.to Italiano femminile"]
[Site "Bratto - Castione della Presolana ITA"]
[Date "2008.08.27"]
[Round "6"]
[White "Chierici, Marianna"]
[Black "Tonel, Giulia"]
[Result "1/2-1/2"]
[WhiteElo "2037"]
[BlackElo "1983"]
[PlyCount "153"]
[EventDate "2008.08.22"]

1. Nf3 d5 2. g3 Nf6 3. Bg2 c5 4. b3 Nc6 5. Bb2 e6 6. c4 b6 7. d3 Bb7 8. O-O Bd6
9. Nc3 O-O 10. cxd5 exd5 11. d4 Re8 12. Re1 a6 13. e3 b5 14. dxc5 Bxc5 15. Rc1
Bb6 16. Ne2 Ne4 17. Ned4 Ne7 18. Ne5 Ng6 19. Nd3 f6 20. Nf4 Ne5 21. Nde6 Qe7
22. Bd4 Ba5 23. f3 Nd6 24. b4 Bd8 25. Bc5 Kh8 26. e4 g5 27. Nxd8 Raxd8 28. Nxd5
Qf7 29. Bb6 Rd7 30. Bh3 g4 31. fxg4 Ndc4 32. Bc5 Bxd5 33. exd5 Rxd5 34. Qe2 Rd2
35. Qe4 Red8 36. Rf1 Qe6 37. Rce1 Rxa2 38. Qf5 Qxf5 39. Rxf5 Nd2 40. Bg2 Nd3
41. Be7 Nxe1 42. Bxf6+ Kg8 43. Bxd8 Nxg2 44. Kxg2 Rb2 45. Be7 Nb3+ 46. Kh3 Nd4
47. Rf4 Nc6 48. Rf8+ Kg7 49. Bf6+ Kxf8 50. Bxb2 Nxb4 51. Ba3 a5 52. Kg2 Kf7 53.
Kf3 Nc2 54. Bb2 a4 55. Ke2 Nb4 56. Ke3 Nc6 57. Kd3 Ke6 58. h4 Kd5 59. g5 b4 60.
h5 a3 61. Ba1 Ne5+ 62. Kc2 Nf7 63. g6 hxg6 64. hxg6 Nh6 65. Bg7 Ng8 66. Kb3 Ke4
67. Bf8 Kf3 68. Bd6 Kg4 69. g7 Kf5 70. Bxb4 Kg6 71. Bc3 Kf7 72. Kxa3 Nh6 73.
Kb4 Nf5 74. g4 Nxg7 75. Kc4 Kg6 76. Bd2 Nh5 77. Bg5 1/2-1/2

[Event "XXXV C.to Italiano femminile"]
[Site "Bratto - Castione della Presolana ITA"]
[Date "2008.08.27"]
[Round "6"]
[White "De Rosa, Mariagrazia"]
[Black "Arnetta, Maria Teresa"]
[Result "0-1"]
[WhiteElo "2083"]
[BlackElo "2011"]
[PlyCount "80"]
[EventDate "2008.08.22"]

1. e4 d5 2. exd5 Nf6 3. Bb5+ Bd7 4. Be2 Nxd5 5. d4 Bf5 6. a3 e6 7. Nf3 Bd6 8.
O-O c6 9. Re1 O-O 10. g3 Nd7 11. c4 N5f6 12. Nc3 Re8 13. Bf1 h6 14. Bg2 e5 15.
d5 cxd5 16. Nxd5 Bc5 17. b4 Bb6 18. c5 Nxd5 19. Qxd5 Bc7 20. Bb2 Rb8 21. Rad1
Be6 22. Qd2 Bb3 23. Rc1 f6 24. Rc3 Bf7 25. Rd3 Be6 26. Rd1 Re7 27. Ne1 Qe8 28.
c6 Nb6 29. cxb7 Nc4 30. Qc1 Nxb2 31. Qxb2 Bb6 32. b5 e4 33. Bxe4 Bc4 34. Bc6
Rxe1+ 35. Kg2 Qe7 36. Rxe1 Qxe1 37. Bd5+ Bxd5+ 38. Rxd5 Qe4+ 39. f3 Qxd5 40.
Qc2 Qxb7 0-1

[Event "XXXV C.to Italiano femminile"]
[Site "Bratto - Castione della Presolana ITA"]
[Date "2008.08.27"]
[Round "6"]
[White "Di Cerbo, Giulia"]
[Black "Leone, Clarissa"]
[Result "1-0"]
[WhiteElo "1795"]
[BlackElo "1793"]
[PlyCount "89"]
[EventDate "2008.08.22"]

1. d4 Nf6 2. Nf3 d5 3. Bg5 Bg4 4. e3 Nbd7 5. Bd3 e6 6. Nbd2 Be7 7. c3 c6 8. Qc2
h6 9. Bh4 Qb6 10. h3 Bh5 11. g4 g5 12. Bg3 Bxg4 13. hxg4 Nxg4 14. Be2 f5 15.
O-O-O O-O-O 16. Ne1 Rdf8 17. Bxg4 fxg4 18. Nd3 Bf6 19. Rh5 Bg7 20. Rdh1 Qd8 21.
Qd1 Qe8 22. Qe2 Qe7 23. R5h2 Rf5 24. e4 Rff8 25. exd5 cxd5 26. Qxg4 h5 27. Rxh5
Rxh5 28. Qxh5 Rh8 29. Qd1 Rg8 30. Qe2 b6 31. Re1 Nf8 32. Nb4 Qb7 33. Qg4 Bf6
34. Be5 a5 35. Nd3 Qe7 36. Bxf6 Qxf6 37. Qf3 Qd8 38. Ne5 Ng6 39. Qd3 Nxe5 40.
Rxe5 Kb7 41. Qh7+ Ka6 42. Rxe6 Rh8 43. Qe7 Rh1+ 44. Kc2 Qh8 45. Qc7 1-0

[Event "XXXV C.to Italiano femminile"]
[Site "Bratto - Castione della Presolana ITA"]
[Date "2008.08.27"]
[Round "6"]
[White "Fittante, Giuliana"]
[Black "Chiarion, Elisa"]
[Result "1/2-1/2"]
[WhiteElo "1833"]
[BlackElo "1897"]
[PlyCount "108"]
[EventDate "2008.08.22"]

1. d4 d5 2. Nf3 c6 3. Bf4 Nf6 4. c3 Bf5 5. Nbd2 e6 6. Qb3 Qb6 7. h3 h6 8. Qxb6
axb6 9. g4 Bh7 10. Bg2 Nbd7 11. O-O Be7 12. Ne5 O-O 13. Rfe1 Nxe5 14. Bxe5 Ne4
15. Nxe4 dxe4 16. e3 f6 17. Bg3 Ra5 18. Bc7 Rfa8 19. a3 Bd8 20. Bd6 Rd5 21. Bg3
Rda5 22. Rac1 h5 23. Bf1 hxg4 24. hxg4 Rg5 25. Be2 Kf7 26. Kg2 Bg6 27. Rh1 Be7
28. Rh3 f5 29. gxf5 Bxf5 30. Rh5 Rxh5 31. Bxh5+ Bg6 32. Be2 Rf8 33. Rh1 c5 34.
Bc4 cxd4 35. cxd4 Rc8 36. Rc1 Bf5 37. Rc2 Rh8 38. Be2 Bh3+ 39. Kg1 Bd8 40. Rc8
Kg6 41. Bc7 Rf8 42. Rxd8 Rf5 43. Kh2 Rxf2+ 44. Kxh3 Rxe2 45. Kg4 Rxe3 46. Rd6
Kf7 47. Rxb6 Re1 48. Kf4 e3 49. Be5 g5+ 50. Kf3 g4+ 51. Kg2 Rd1 52. Rxb7+ Kg6
53. Rg7+ Kf5 54. Rf7+ Kg5 1/2-1/2

[Event "XXXV C.to Italiano femminile"]
[Site "Bratto - Castione della Presolana ITA"]
[Date "2008.08.27"]
[Round "6"]
[White "Greco, Sara"]
[Black "Zanaboni, Alessandra"]
[Result "1-0"]
[WhiteElo "1715"]
[BlackElo "1581"]
[PlyCount "41"]
[EventDate "2008.08.22"]

1. e4 c5 2. Nf3 d6 3. d4 cxd4 4. Nxd4 e6 5. Nc3 Nf6 6. Be3 Be7 7. Be2 Nc6 8.
O-O O-O 9. f4 d5 10. e5 Nd7 11. Nb3 a6 12. Rf3 b6 13. a3 Nc5 14. Nd4 Bb7 15.
Rh3 Nxd4 16. Bxd4 Nd7 17. Bd3 h6 18. Qg4 Kh8 19. Rh5 Rg8 20. Qh3 Nf8 21. Rxh6+
1-0

[Event "XXXV C.to Italiano femminile"]
[Site "Bratto - Castione della Presolana ITA"]
[Date "2008.08.27"]
[Round "6"]
[White "Messina, Roberta"]
[Black "Capuano, Francesca"]
[Result "1/2-1/2"]
[WhiteElo "1904"]
[BlackElo "1911"]
[PlyCount "71"]
[EventDate "2008.08.22"]

1. e4 d6 2. d4 Nf6 3. Bd3 e5 4. c3 Be7 5. Nf3 Nbd7 6. Nbd2 c6 7. O-O O-O 8. Re1
Qc7 9. Nf1 Re8 10. Ng3 g6 11. h3 Bf8 12. Bg5 Bg7 13. Qd2 Nf8 14. Bh6 Be6 15.
Bxg7 Kxg7 16. Nf5+ Bxf5 17. dxe5 dxe5 18. exf5 e4 19. fxg6 hxg6 20. Bxe4 Nxe4
21. Qd4+ Nf6 22. c4 Ne6 23. Qc3 Qf4 24. g3 Qf5 25. g4 Qf4 26. Rxe6 Rxe6 27. g5
Rh8 28. gxf6+ Qxf6 29. Ng5 Re2 30. Qg3 Qd4 31. Rf1 Rhe8 32. b3 R8e7 33. a3 Ra2
34. Nf3 Qf6 35. Ng5 Qd4 36. Nf3 1/2-1/2

[Event "XXXV C.to Italiano femminile"]
[Site "Bratto - Castione della Presolana ITA"]
[Date "2008.08.27"]
[Round "6"]
[White "Panella, Fiammetta"]
[Black "Brunello, Marina"]
[Result "0-1"]
[WhiteElo "2019"]
[BlackElo "2072"]
[PlyCount "62"]
[EventDate "2008.08.22"]

1. e4 c5 2. Nf3 d6 3. d4 cxd4 4. Nxd4 Nf6 5. Nc3 a6 6. g3 e5 7. Nde2 Be6 8. Bg2
h6 9. h3 Be7 10. Be3 Nc6 11. g4 Na5 12. Ng3 Nc4 13. Bc1 b5 14. Nf5 Bf8 15. O-O
b4 16. Nd5 Nxd5 17. exd5 Bxf5 18. gxf5 Be7 19. Qg4 Rc8 20. Qxg7 Bf6 21. Qg4 Ke7
22. Kh1 Qa5 23. f4 exf4 24. Rxf4 Ne5 25. Qe2 Rhg8 26. a3 Qc5 27. Rxb4 Qxc2 28.
Qxc2 Rxc2 29. Rb7+ Ke8 30. Rb8+ Bd8 31. Be4 Re2 0-1

[Event "XXXV C.to Italiano femminile"]
[Site "Bratto - Castione della Presolana ITA"]
[Date "2008.08.27"]
[Round "6"]
[White "Polin, Giulia"]
[Black "Ambrosi, Eleonora"]
[Result "0-1"]
[WhiteElo "1551"]
[BlackElo "2160"]
[PlyCount "50"]
[EventDate "2008.08.22"]

1. e4 c5 2. Nf3 Nc6 3. d4 cxd4 4. Nxd4 Qc7 5. c4 Nf6 6. Nc3 e6 7. a3 a6 8. Be2
Nxd4 9. Qxd4 Bd6 10. Be3 h5 11. h3 Be5 12. Qd2 b6 13. f4 Bxc3 14. Qxc3 Bb7 15.
Bd3 Nxe4 16. Qxg7 O-O-O 17. Qd4 Nc5 18. Rg1 Nb3 19. Qc3 Nxa1 20. b4 Rhg8 21. g3
Qc6 22. Kd2 d5 23. Bd4 dxc4 24. Qxa1 b5 25. Bh7 Rxd4+ 0-1

[Event "XXXV C.to Italiano femminile"]
[Site "Bratto - Castione della Presolana ITA"]
[Date "2008.08.28"]
[Round "7"]
[White "Arnetta, Maria Teresa"]
[Black "Brunello, Roberta"]
[Result "1-0"]
[WhiteElo "2011"]
[BlackElo "1939"]
[PlyCount "81"]
[EventDate "2008.08.22"]

1. d4 d5 2. Nc3 Nf6 3. Bg5 Bf5 4. Bxf6 exf6 5. e4 dxe4 6. Qe2 Bd6 7. g4 Bg6 8.
h4 h5 9. Nxe4 O-O 10. Nxd6 cxd6 11. O-O-O Qa5 12. Qb5 Qxa2 13. gxh5 Be4 14. Bc4
a6 15. Qb4 Nc6 16. Qc3 Qa4 17. f3 Bf5 18. Bb3 Qb4 19. Ne2 Rfe8 20. Ng3 Qxc3 21.
bxc3 Bh7 22. h6 Re3 23. Rhg1 Rxf3 24. Nh5 g6 25. Ng3 Re8 26. Bd5 Rf4 27. Rde1
Rxe1+ 28. Rxe1 Kf8 29. Ne4 Rxh4 30. Nxd6 Rxh6 31. Re8+ Kg7 32. Nxb7 Na7 33. c4
g5 34. Ra8 g4 35. Nd6 g3 36. Rxa7 Rh5 37. Rxf7+ Kg6 38. Be4+ f5 39. Rxf5 Rxf5
40. Bxf5+ Kg5 41. Bh3 1-0

[Event "XXXV C.to Italiano femminile"]
[Site "Bratto - Castione della Presolana ITA"]
[Date "2008.08.28"]
[Round "7"]
[White "Brunello, Marina"]
[Black "Tonel, Giulia"]
[Result "1-0"]
[WhiteElo "2072"]
[BlackElo "1983"]
[PlyCount "103"]
[EventDate "2008.08.22"]

1. e4 c5 2. Nf3 Nc6 3. d4 cxd4 4. Nxd4 e5 5. Nb5 d6 6. c4 Be6 7. N1c3 a6 8. Na3
Be7 9. Be2 Bg5 10. O-O Bxc1 11. Rxc1 Nge7 12. Nc2 O-O 13. Qd2 Qd7 14. Nd5 Rad8
15. b4 f5 16. b5 Nb8 17. f3 Kh8 18. Na1 Ng6 19. Nb3 Qf7 20. Bd3 f4 21. Rfd1 Nh4
22. Bf1 g5 23. Qf2 h5 24. c5 axb5 25. Bxb5 Nc6 26. cxd6 Rxd6 27. Qc5 Rfd8 28.
Bxc6 Rxc6 29. Qa5 Rcd6 30. Nc3 Rxd1+ 31. Rxd1 Rxd1+ 32. Nxd1 Qg7 33. Nc5 Bc4
34. Nc3 Qe7 35. Qa8+ Bg8 36. Nb3 Kh7 37. Nd5 Bxd5 38. exd5 Qb4 39. Qa5 Qc4 40.
d6 Qd3 41. Qd2 Qb1+ 42. Nc1 Qb6+ 43. Kh1 Ng6 44. h3 Kg7 45. Nb3 Nf8 46. Kh2 Nd7
47. Na5 Kf6 48. Nc4 Qc6 49. Qd3 Qc5 50. Nd2 Ke6 51. Qg6+ Kd5 52. Qg8+ 1-0

[Event "XXXV C.to Italiano femminile"]
[Site "Bratto - Castione della Presolana ITA"]
[Date "2008.08.28"]
[Round "7"]
[White "Capuano, Francesca"]
[Black "Di Cerbo, Giulia"]
[Result "1/2-1/2"]
[WhiteElo "1911"]
[BlackElo "1795"]
[PlyCount "36"]
[EventDate "2008.08.22"]

1. d4 d5 2. Nf3 Nf6 3. c4 e6 4. cxd5 exd5 5. Nc3 c6 6. Bg5 Bf5 7. e3 Nbd7 8.
Bd3 Bg6 9. O-O Bd6 10. Re1 Qc7 11. e4 dxe4 12. Nxe4 Nxe4 13. Bxe4 O-O 14. Rc1
Bxe4 15. Rxe4 Qa5 16. Qb3 Rab8 17. Rce1 Qb6 18. Qc2 f6 1/2-1/2

[Event "XXXV C.to Italiano femminile"]
[Site "Bratto - Castione della Presolana ITA"]
[Date "2008.08.28"]
[Round "7"]
[White "Chiarion, Elisa"]
[Black "Ambrosi, Eleonora"]
[Result "1-0"]
[WhiteElo "1897"]
[BlackElo "2160"]
[PlyCount "63"]
[EventDate "2008.08.22"]

1. e4 c5 2. Nf3 Nc6 3. d4 cxd4 4. Nxd4 Qc7 5. Nc3 e6 6. Be2 a6 7. Be3 Nf6 8.
O-O Bb4 9. Na4 Be7 10. Nxc6 bxc6 11. Nb6 Rb8 12. Nxc8 Qxc8 13. Bd4 Qc7 14. Bxa6
e5 15. Bc3 Nxe4 16. Qg4 Nf6 17. Qxg7 Rg8 18. Qh6 Rg6 19. Qe3 Ng4 20. Qh3 d5 21.
Be2 Nf6 22. b3 Ne4 23. Bb2 Ng5 24. Qf5 Bd6 25. Bh5 Rg8 26. Rfe1 Ne4 27. Bc1 Bc5
28. Be3 Bb4 29. Rf1 Qe7 30. a4 Bc3 31. Ra2 Rb7 32. Qc8+ 1-0

[Event "XXXV C.to Italiano femminile"]
[Site "Bratto - Castione della Presolana ITA"]
[Date "2008.08.28"]
[Round "7"]
[White "De Rosa, Mariagrazia"]
[Black "Fittante, Giuliana"]
[Result "1-0"]
[WhiteElo "2083"]
[BlackElo "1833"]
[PlyCount "55"]
[EventDate "2008.08.22"]

1. e4 Nf6 2. e5 Nd5 3. c4 Nb6 4. c5 Nd5 5. Nc3 Nxc3 6. bxc3 b6 7. cxb6 axb6 8.
d4 e6 9. Nf3 Bb7 10. Bd3 Be7 11. O-O O-O 12. Qe2 d6 13. Bf4 Nc6 14. Rfe1 dxe5
15. dxe5 Ra3 16. Rad1 Qa8 17. Ng5 g6 18. Nxh7 Rd8 19. Nf6+ Kg7 20. Qg4 Rh8 21.
Ne4 Rxa2 22. Bb1 Ra5 23. Rd7 Rxe5 24. Rxe7 Rxe4 25. Rxf7+ Kxf7 26. Bxe4 Ne7 27.
Bxb7 Qxb7 28. Qxe6+ 1-0

[Event "XXXV C.to Italiano femminile"]
[Site "Bratto - Castione della Presolana ITA"]
[Date "2008.08.28"]
[Round "7"]
[White "Greco, Sara"]
[Black "Panella, Fiammetta"]
[Result "0-1"]
[WhiteElo "1715"]
[BlackElo "2019"]
[PlyCount "64"]
[EventDate "2008.08.22"]

1. c4 c5 2. Nc3 e6 3. g3 Nc6 4. Bg2 Nf6 5. e3 Be7 6. Nge2 O-O 7. Nf4 a6 8. O-O
Rb8 9. Qe2 b5 10. d3 Qc7 11. b3 d6 12. Bb2 bxc4 13. dxc4 Bb7 14. Qc2 Ne5 15.
Ne4 Nxe4 16. Bxe4 Nf3+ 17. Kg2 Bxe4 18. Qxe4 Nd2 19. Qc2 Nxf1 20. Rxf1 Rfd8 21.
Qe2 d5 22. cxd5 exd5 23. Qg4 d4 24. Nh5 Qc6+ 25. Kg1 Qg6 26. Qf3 Rb6 27. Nf4
Qc2 28. Ba1 Rbd6 29. exd4 cxd4 30. Nd3 Rf6 31. Qe4 Re6 32. Qf3 Qxa2 0-1

[Event "XXXV C.to Italiano femminile"]
[Site "Bratto - Castione della Presolana ITA"]
[Date "2008.08.28"]
[Round "7"]
[White "Messina, Roberta"]
[Black "Chierici, Marianna"]
[Result "1-0"]
[WhiteElo "1904"]
[BlackElo "2037"]
[PlyCount "59"]
[EventDate "2008.08.22"]

1. e4 c5 2. Nc3 Nc6 3. f4 d6 4. Nf3 Nf6 5. Bc4 e6 6. d3 a6 7. a4 Be7 8. Ba2 Rb8
9. O-O O-O 10. Qe1 Nb4 11. Bb3 b5 12. e5 Ne8 13. axb5 axb5 14. Bd2 d5 15. Ne2
Nc6 16. c3 c4 17. Bc2 cxd3 18. Bxd3 f5 19. exf6 gxf6 20. Ned4 Nxd4 21. Nxd4 Nc7
22. Nc6 Qd6 23. Nxb8 Qb6+ 24. Be3 Qxb8 25. Qg3+ Kh8 26. Qh4 Rf7 27. Rf3 e5 28.
fxe5 fxe5 29. Qh5 Rg7 30. Qxe5 1-0

[Event "XXXV C.to Italiano femminile"]
[Site "Bratto - Castione della Presolana ITA"]
[Date "2008.08.28"]
[Round "7"]
[White "Reginato, Sabrina"]
[Black "Polin, Giulia"]
[Result "1/2-1/2"]
[WhiteElo "1808"]
[BlackElo "1551"]
[PlyCount "44"]
[EventDate "2008.08.22"]

1. Nf3 Nf6 2. Ng5 Ng4 3. Ne4 Ne5 4. Nbc3 Nbc6 5. Nb5 Nb4 6. Nec3 Nec6 7. Nb1
Nb8 8. Nd4 Nd5 9. Nf3 Nf6 10. Ng1 Ng8 11. e4 c5 12. Nf3 d6 13. d4 cxd4 14. Nxd4
Nf6 15. f3 a6 16. c4 e5 17. Nc2 Be6 18. Nc3 Be7 19. Be3 O-O 20. Be2 Nbd7 21.
O-O Rc8 22. b3 Nc5 1/2-1/2

[Event "XXXV C.to Italiano femminile"]
[Site "Bratto - Castione della Presolana ITA"]
[Date "2008.08.28"]
[Round "7"]
[White "Zanaboni, Alessandra"]
[Black "Monticone, Sonia"]
[Result "1/2-1/2"]
[WhiteElo "1581"]
[BlackElo "1787"]
[PlyCount "65"]
[EventDate "2008.08.22"]

1. e4 c5 2. c3 e6 3. d4 d5 4. e5 a6 5. Nf3 Nc6 6. Bd3 cxd4 7. cxd4 Bb4+ 8. Bd2
Nge7 9. Bxb4 Nxb4 10. Be2 O-O 11. O-O Ng6 12. Qd2 Nc6 13. Nc3 b5 14. Rfc1 Bb7
15. Rc2 Qb6 16. Nd1 Nge7 17. Ne3 Rfc8 18. Rac1 Ng6 19. a3 Na5 20. Rxc8+ Bxc8
21. Rc3 Nc4 22. Qc1 Qd8 23. b3 Nxe3 24. fxe3 Bb7 25. Ne1 Ne7 26. Bd3 Rc8 27.
Bb1 Rxc3 28. Qxc3 g6 29. Nd3 Kg7 30. Nf2 h5 31. Nh3 Nc6 32. b4 Qh4 33. Qc1
1/2-1/2

[Event "XXXV C.to Italiano femminile"]
[Site "Bratto - Castione della Presolana ITA"]
[Date "2008.08.29"]
[Round "8"]
[White "Arnetta, Maria Teresa"]
[Black "Chiarion, Elisa"]
[Result "1/2-1/2"]
[WhiteElo "2011"]
[BlackElo "1897"]
[PlyCount "61"]
[EventDate "2008.08.22"]

1. e4 c5 2. a3 Nc6 3. b4 cxb4 4. axb4 Nxb4 5. Ba3 Nc6 6. Nf3 d6 7. Bc4 Nf6 8.
Qe2 Bg4 9. c3 g6 10. h3 Bxf3 11. Qxf3 Bg7 12. O-O O-O 13. d4 Rc8 14. Qe2 Na5
15. Bd3 Nh5 16. Bc1 Nb3 17. Ra4 Nxc1 18. Rxc1 Nf4 19. Qf3 Nxd3 20. Qxd3 a6 21.
Nd2 Qd7 22. Rb4 Bh6 23. Rcb1 b5 24. Nf3 Qc6 25. Ra1 Qxc3 26. Qxc3 Rxc3 27. Rxa6
Bf4 28. Ra1 Rfc8 29. g3 Bxg3 30. Kg2 Bf4 31. Rxb5 1/2-1/2

[Event "XXXV C.to Italiano femminile"]
[Site "Bratto - Castione della Presolana ITA"]
[Date "2008.08.29"]
[Round "8"]
[White "Brunello, Marina"]
[Black "Messina, Roberta"]
[Result "1/2-1/2"]
[WhiteElo "2072"]
[BlackElo "1904"]
[PlyCount "112"]
[EventDate "2008.08.22"]

1. e4 e6 2. d4 d5 3. e5 c5 4. c3 Bd7 5. Nf3 Qb6 6. a3 a5 7. Be2 Nc6 8. O-O Nh6
9. b3 cxd4 10. cxd4 Nf5 11. Be3 Be7 12. Nc3 O-O 13. Bd3 Nxe3 14. fxe3 Rac8 15.
Qd2 f6 16. exf6 Bxf6 17. Na4 Qa7 18. Be2 b6 19. Nb2 Qc7 20. Nd3 Na7 21. Rac1
Qd6 22. a4 Nc6 23. Nf2 Qb4 24. Ba6 Qxd2 25. Nxd2 Rc7 26. Nd3 Ra8 27. Bb5 Rac8
28. Ba6 Ra8 29. Bb5 Raa7 30. Nf3 Nb8 31. Bxd7 Nxd7 32. Nf4 Nf8 33. g4 Bd8 34.
Ne5 Rxc1 35. Rxc1 Rc7 36. Rxc7 Bxc7 37. Nfd3 Bd6 38. h3 g6 39. Kf2 Kg7 40. Kf3
g5 41. e4 Ng6 42. Nxg6 Kxg6 43. Ke3 Kf7 44. Nb2 Bf4+ 45. Kd3 Ke7 46. Nd1 Kd6
47. Nc3 Kc6 48. e5 Bc1 49. Nb5 Kd7 50. Ke2 Kc6 51. Kd1 Bf4 52. Nc3 Be3 53. Ne2
Kd7 54. Kc2 Kc6 55. Kd3 Bf2 56. Kd2 Kd7 1/2-1/2

[Event "XXXV C.to Italiano femminile"]
[Site "Bratto - Castione della Presolana ITA"]
[Date "2008.08.29"]
[Round "8"]
[White "Brunello, Roberta"]
[Black "De Rosa, Mariagrazia"]
[Result "1-0"]
[WhiteElo "1939"]
[BlackElo "2083"]
[PlyCount "97"]
[EventDate "2008.08.22"]

1. e4 g6 2. d4 Bg7 3. Nf3 d6 4. h3 a6 5. a4 b6 6. Bc4 e6 7. O-O Bb7 8. Re1 h6
9. Nc3 Ne7 10. Bb3 O-O 11. Be3 Nd7 12. Qd2 Kh7 13. Nh2 c5 14. Rad1 Nc8 15. a5
cxd4 16. Bxd4 Bxd4 17. Qxd4 e5 18. Qd2 bxa5 19. Ng4 Qg5 20. Ne3 f5 21. Bd5 Bxd5
22. Qxd5 Ra7 23. Nc4 Nf6 24. Qxa5 Nh5 25. Ne2 Qf6 26. Rf1 fxe4 27. Qd5 Nf4 28.
Nxf4 exf4 29. Qxe4 f3 30. Qxf3 Qxf3 31. gxf3 Rxf3 32. Nxd6 Nxd6 33. Rxd6 Rxh3
34. Ra1 a5 35. Rd4 Rf3 36. b4 a4 37. b5 a3 38. b6 Raf7 39. Rc4 Rxf2 40. b7 a2
41. b8=Q Rf1+ 42. Rxf1 Rxf1+ 43. Kxf1 a1=Q+ 44. Ke2 h5 45. Rc7+ Kh6 46. Qf8+
Kg5 47. Rc5+ Kg4 48. Qf3+ Kh4 49. Rc4+ 1-0

[Event "XXXV C.to Italiano femminile"]
[Site "Bratto - Castione della Presolana ITA"]
[Date "2008.08.29"]
[Round "8"]
[White "Chierici, Marianna"]
[Black "Zanaboni, Alessandra"]
[Result "1/2-1/2"]
[WhiteElo "2037"]
[BlackElo "1581"]
[PlyCount "42"]
[EventDate "2008.08.22"]

1. Nf3 Nf6 2. g3 g6 3. Bg2 Bg7 4. b3 O-O 5. Bb2 b6 6. Ne5 c6 7. d4 Qc7 8. c4
Bb7 9. Nc3 a6 10. Nd3 c5 11. d5 e6 12. Nf4 exd5 13. Ncxd5 Nxd5 14. Nxd5 Bxd5
15. Bxd5 Bxb2 16. Bxa8 Bxa1 17. Qxa1 Nc6 18. Bxc6 Qxc6 19. f3 d5 20. cxd5 Qxd5
21. Kf2 Rd8 1/2-1/2

[Event "XXXV C.to Italiano femminile"]
[Site "Bratto - Castione della Presolana ITA"]
[Date "2008.08.29"]
[Round "8"]
[White "Di Cerbo, Giulia"]
[Black "Polin, Giulia"]
[Result "1-0"]
[WhiteElo "1795"]
[BlackElo "1551"]
[PlyCount "81"]
[EventDate "2008.08.22"]

1. d4 d5 2. Nf3 Nf6 3. Bf4 e6 4. e3 c5 5. c3 Bd6 6. Bg3 O-O 7. Bd3 h6 8. Nbd2
Qc7 9. Ne5 Nbd7 10. f4 b6 11. O-O Bb7 12. Qf3 Rac8 13. Bh4 Be7 14. Nxd7 Qxd7
15. g4 Nh7 16. Bxe7 Qxe7 17. Qh3 f6 18. Nf3 Rfd8 19. Rf2 Bc6 20. Rg2 Be8 21. g5
fxg5 22. fxg5 h5 23. Bxh7+ Kxh7 24. Ne5 g6 25. Rf1 Qg7 26. Qxe6 c4 27. Rgf2 Rc7
28. Qf6 Qxf6 29. Rxf6 Rg7 30. Rf8 Rg8 31. Rxg8 Kxg8 32. Rf6 Kg7 33. Re6 Ra8 34.
Rd6 Bf7 35. Nxf7 Kxf7 36. Rxd5 Re8 37. Kf2 a6 38. Rd6 Rb8 39. Rf6+ Kg8 40. Kf3
a5 41. Rxg6+ 1-0

[Event "XXXV C.to Italiano femminile"]
[Site "Bratto - Castione della Presolana ITA"]
[Date "2008.08.29"]
[Round "8"]
[White "Fittante, Giuliana"]
[Black "Capuano, Francesca"]
[Result "1/2-1/2"]
[WhiteElo "1833"]
[BlackElo "1911"]
[PlyCount "70"]
[EventDate "2008.08.22"]

1. d4 d5 2. Nf3 Nf6 3. e3 c5 4. c3 e6 5. Bd3 Be7 6. Nbd2 Nbd7 7. Qe2 b6 8. e4
dxe4 9. Nxe4 Bb7 10. Ng3 cxd4 11. Nxd4 O-O 12. O-O Nc5 13. Bc2 Qd5 14. f3 Ba6
15. Nb5 Bxb5 16. Qxb5 Ncd7 17. Qe2 Bc5+ 18. Be3 Bxe3+ 19. Qxe3 Qc5 20. Qxc5
Nxc5 21. c4 Rfd8 22. Rad1 a5 23. a3 a4 24. Rfe1 Kf8 25. Ne2 Nb3 26. Nc3 Nd2 27.
Nxa4 Nxc4 28. Bb3 b5 29. Bxc4 bxa4 30. Bb5 Rxd1 31. Rxd1 Rb8 32. Bxa4 Rxb2 33.
Bc6 Re2 34. a4 Ke7 35. Rd4 Nd5 1/2-1/2

[Event "XXXV C.to Italiano femminile"]
[Site "Bratto - Castione della Presolana ITA"]
[Date "2008.08.29"]
[Round "8"]
[White "Leone, Clarissa"]
[Black "Reginato, Sabrina"]
[Result "1/2-1/2"]
[WhiteElo "1793"]
[BlackElo "1808"]
[PlyCount "55"]
[EventDate "2008.08.22"]

1. d4 d5 2. Nf3 Nf6 3. Bg5 e6 4. e3 Be7 5. Bd3 O-O 6. Nbd2 Nbd7 7. Qe2 c5 8. c3
Re8 9. Ne5 Nf8 10. h4 N6d7 11. Qg4 Nxe5 12. dxe5 Kh8 13. Nf3 f6 14. Bf4 Qd7 15.
h5 f5 16. Qh3 b5 17. g4 fxg4 18. Qxg4 c4 19. Bc2 Bd8 20. Bg5 Bb7 21. O-O-O a5
22. Bxd8 Rexd8 23. Ng5 h6 24. Ne4 Qe7 25. Nd6 Rxd6 26. exd6 Qxd6 27. Rhg1 Qe7
28. Rg3 1/2-1/2